[Event "ch-FRA Blitz Online Qual"]
[Site "Europe-Chess INT"]
[Date "2020.05.16"]
[Round "13"]
[White "Bouget, Alexandre"]
[Black "Breuil, Tristan"]
[Result "1-0"]
[WhiteTitle "FM"]
[WhiteElo "2238"]
[BlackElo "1898"]
[WhiteFideId "681318"]
[BlackFideId "45163685"]
[EventDate "2020.05.16"]

1. d4 Nf6 2. c4 e6 3. Nc3 Bb4 4. Nf3 b6 5. e3 Bb7 6. Bd3 O-O 7. O-O c5 8. Bd2
Nc6 9. a3 Ba5 10. d5 exd5 11. cxd5 Ne7 12. e4 d6 13. Rb1 Bxc3 14. Bxc3 Ng6 15.
Qd2 Re8 16. Rfe1 Nd7 17. b4 Rc8 18. Qb2 f6 19. bxc5 Nxc5 20. Bc2 Ba6 21. Rbd1
Rc7 22. h4 Rce7 23. h5 Nf8 24. Qb4 Nfd7 25. Nh4 Ne5 26. Qd4 Rc7 27. f4 Nf7 28.
Nf5 Bc8 29. Ng3 Bg4 30. Rd2 Qc8 31. Bd1 Bxd1 32. Rdxd1 Nb3 33. Qa4 Rxc3 34. Nf5
Nc5 35. Qxa7 Nd7 36. h6 g6 37. Ng7 Re7 38. Ne6 Qe8 39. Rc1 Rxc1 40. Rxc1 Nc5 41.
Qxb6 Nxe6 42. dxe6 Rxe6 43. Rc7 Rxe4 44. Qb7 Qf8 45. Qxe4 Qb8 46. Qe7 Qf8 47. a4
Qxe7 48. Rxe7 Kf8 49. Rb7 Ke8 50. a5 d5 51. a6 Nd6 52. a7 Nxb7 53. a8=Q+ Ke7 54.
Qxb7+ Ke6 55. Qxh7 Kf5 56. Qg7 Kxf4 57. h7 Ke5 58. Qe7+ Kf4 59. Qxf6+ Ke3 60.
h8=Q Kd3 61. Qd4+ Kc2 62. Qxd5 Kb1 63. Qc8 Ka1 64. Qdb7 1-0

[Event "ch-FRA Blitz Online Qual"]
[Site "Europe-Chess INT"]
[Date "2020.05.16"]
[Round "13"]
[White "Maisuradze, Nino"]
[Black "Delin, Valere"]
[Result "1-0"]
[WhiteTitle "WGM"]
[WhiteElo "2214"]
[BlackElo "2043"]
[WhiteFideId "13601717"]
[BlackFideId "45107254"]
[EventDate "2020.05.16"]

1. d4 Nf6 2. c4 g6 3. Nc3 c5 4. d5 Bg7 5. e4 d6 6. f4 e6 7. Nf3 exd5 8. cxd5 O-O
9. Be2 Bg4 10. O-O Bxf3 11. Bxf3 Ne8 12. Re1 Nc7 13. e5 Re8 14. Be4 Nba6 15. Be3
dxe5 16. f5 gxf5 17. Bxf5 Nb4 18. Qg4 f6 19. Qh5 Ncxd5 20. Qxh7+ Kf8 21. Bxc5+
Ne7 22. Be6 1-0

[Event "ch-FRA Blitz Online Qual"]
[Site "Europe-Chess INT"]
[Date "2020.05.16"]
[Round "13"]
[White "Koelsch, Gilbert"]
[Black "Bosc, Gabriel"]
[Result "1-0"]
[WhiteTitle "CM"]
[WhiteElo "2159"]
[BlackElo "1994"]
[WhiteFideId "612243"]
[BlackFideId "26086743"]
[EventDate "2020.05.16"]

1. e4 c5 2. Nc3 Nc6 3. f4 g6 4. Nf3 Bg7 5. Bc4 d6 6. d3 e6 7. O-O Nge7 8. Qe1
O-O 9. f5 exf5 10. Qh4 fxe4 11. Ng5 h6 12. Nxf7 Rxf7 13. Rxf7 d5 14. Rxg7+ Kxg7
15. Bxh6+ Kf7 16. Rf1+ Bf5 17. Bb3 Ne5 18. dxe4 c4 19. Ba4 dxe4 20. Nxe4 Qd4+
21. Kh1 Kg8 22. Nf6+ 1-0

[Event "ch-FRA Blitz Online Qual"]
[Site "Europe-Chess INT"]
[Date "2020.05.16"]
[Round "13"]
[White "Bakouri, Abdelmajid"]
[Black "Daurelle, Herve"]
[Result "1-0"]
[BlackTitle "FM"]
[WhiteElo "1871"]
[BlackElo "2205"]
[WhiteFideId "7901682"]
[BlackFideId "602655"]
[EventDate "2020.05.16"]

1. e4 c5 2. Nf3 d6 3. Bc4 e6 4. O-O Nf6 5. Nc3 Nc6 6. a4 Be7 7. d4 cxd4 8. Nxd4
O-O 9. Ba2 Nb4 10. Bb3 b6 11. f4 Bb7 12. Qf3 d5 13. e5 Ne4 14. Be3 Rc8 15. f5
exf5 16. Qxf5 Bg5 17. Rae1 g6 18. Qh3 Bxe3+ 19. Rxe3 Qg5 20. e6 fxe6 21. Qxe6+
Kh8 22. Ref3 Rfe8 23. Qf7 Nd2 24. Qxb7 Nxf3+ 25. Nxf3 Qe3+ 26. Kh1 Rf8 27. Nxd5
Nxd5 28. Qxd5 Rcd8 29. Qc4 Rc8 30. Qg4 Qe2 31. Rg1 Rce8 32. Qd4+ Re5 33. Nxe5
Kg7 34. Nf3+ Kh6 35. Qh4+ Kg7 36. Qe7+ Kh6 37. Qxe2 Kh5 38. Ne5+ Kh4 39. Qg4# 1-0

[Event "ch-FRA Blitz Online Qual"]
[Site "Europe-Chess INT"]
[Date "2020.05.16"]
[Round "13"]
[White "Louvrier Saint-Mary, Jean-Roger"]
[Black "Alloui-Cros, Baptiste"]
[Result "1-0"]
[WhiteElo "1780"]
[BlackElo "2139"]
[WhiteFideId "618349"]
[BlackFideId "20699824"]
[EventDate "2020.05.16"]

1. b3 d6 2. Bb2 e5 3. g3 f5 4. Bg2 Nf6 5. f4 exf4 6. gxf4 Nc6 7. Nf3 Bd7 8. e3
d5 9. Qe2 Bc5 10. Nc3 Qe7 11. O-O-O Ba3 12. Nb5 Bxb2+ 13. Kxb2 O-O-O 14. Nfd4
Nxd4 15. Nxd4 a6 16. Rhe1 Kb8 17. Qf3 g6 18. d3 c5 19. Ne2 Bc6 20. d4 Ng4 21.
Nc3 Nxh2 22. Qg3 Ng4 23. Qf3 Rhe8 24. Rd3 c4 25. Rd2 cxb3 26. axb3 Nxe3 27. Rde2
Nc4+ 28. bxc4 Qb4+ 29. Kc1 Rxe2 30. Rxe2 dxc4 31. Qe3 Qa3+ 32. Kd2 Bxg2 33. Rxg2
Qd6 34. Qe5 Qxe5 35. fxe5 Rxd4+ 36. Ke3 Rd7 37. Rd2 Rxd2 38. Kxd2 Kc7 39. Ke3 b5
40. Kf4 b4 41. Nd5+ Kc6 42. Nxb4+ Kb5 43. e6 1-0

[Event "ch-FRA Blitz Online Qual"]
[Site "Europe-Chess INT"]
[Date "2020.05.16"]
[Round "13"]
[White "Testud, Philippe"]
[Black "Percheron, Andre"]
[Result "1-0"]
[WhiteElo "2123"]
[BlackElo "1846"]
[WhiteFideId "611409"]
[BlackFideId "20607091"]
[EventDate "2020.05.16"]

1. d4 f5 2. Nf3 Nf6 3. Bf4 g6 4. e3 Bg7 5. c4 d6 6. Nc3 O-O 7. c5 Nc6 8. Bc4+ d5
9. Be2 e6 10. Nb5 Ne8 11. h4 a6 12. Nc3 Nf6 13. Ne5 Nxe5 14. Bxe5 c6 15. h5 Nd7
16. Bd6 Re8 17. hxg6 hxg6 18. f4 Kf7 19. Qc2 Rh8 20. O-O-O b5 21. g4 b4 22. Na4
a5 23. Bd3 Ba6 24. gxf5 Bxd3 25. fxe6+ Kxe6 26. Qxd3 Qf6 27. Rhg1 Kf7 28. Rdf1
Rh3 29. Be5 Qe6 30. f5 Qe7 31. f6 Bxf6 32. Qxg6+ Ke6 33. Qg4+ Kf7 34. Qxh3 Nxe5
35. dxe5 Qxe5 36. Qd7+ Kf8 37. Qg7+ Ke8 38. Qxf6 Qxe3+ 39. Kb1 Qe4+ 40. Ka1 1-0

[Event "ch-FRA Blitz Online Qual"]
[Site "Europe-Chess INT"]
[Date "2020.05.16"]
[Round "13"]
[White "Leccia, Antoine"]
[Black "Schweitzer, Adrien"]
[Result "0-1"]
[WhiteElo "1950"]
[BlackElo "2086"]
[WhiteFideId "36087262"]
[BlackFideId "628220"]
[EventDate "2020.05.16"]

1. d4 g6 2. Nf3 Bg7 3. g3 f5 4. Bg2 d6 5. O-O Nh6 6. Nc3 c6 7. e4 O-O 8. e5 Nf7
9. Re1 dxe5 10. dxe5 Qxd1 11. Nxd1 Na6 12. Bd2 h6 13. Bc3 Nd8 14. Ne3 Ne6 15.
Rad1 Nac5 16. Nd4 Nxd4 17. Bxd4 Ne6 18. f4 Nxd4 19. Rxd4 Be6 20. Red1 Kf7 21. a3
a5 22. c4 a4 23. Bf1 Ra5 24. Kf2 Rc8 25. Rd8 Rc7 26. Nc2 Rc5 27. R8d4 b5 28. Ne3
Bf8 29. R1d2 Rb7 30. cxb5 cxb5 31. Nc2 Bb3 32. Nb4 Ke6 33. Bg2 Rbc7 34. Na6 g5
35. Nxc7+ Rxc7 36. Bd5+ Bxd5 37. Rxd5 Rb7 38. Rc5 gxf4 39. gxf4 h5 40. Rc6+ Kf7
41. Rd5 b4 42. axb4 Rxb4 43. Rd2 Rxf4+ 44. Kg3 Rg4+ 45. Kf3 Re4 46. e6+ Kf6 47.
Ra6 Bh6 48. Re2 Rb4 49. Rc6 h4 50. Rc3 Bf4 51. Rec2 Be5 52. Rc4 Rxb2 53. Rxb2
Bxb2 54. Rxa4 Kxe6 55. Rxh4 Bf6 56. Rh6 Ke5 57. Rg6 e6 58. Kg3 f4+ 59. Kf3 Kf5
60. Rg8 e5 61. Rf8 e4+ 62. Kf2 Kg6 63. Rg8+ Kf7 64. Rg4 Be5 65. h4 Kf6 66. h5
Kf5 67. Rg8 f3 68. h6 Bd4+ 69. Kf1 e3 70. h7 e2+ 71. Ke1 Bc3+ 72. Kf2 e1=Q+ 73.
Kxf3 Qf1+ 74. Kg3 Qg1+ 75. Kf3 Qh1+ 76. Rg2 Qxh7 77. Kf2 Bd4+ 78. Ke2 Qh5+ 79.
Kd2 Qf3 80. Re2 Bc3+ 81. Kd1 Qf1+ 0-1

[Event "ch-FRA Blitz Online Qual"]
[Site "Europe-Chess INT"]
[Date "2020.05.16"]
[Round "13"]
[White "Azymah, Remy"]
[Black "Ribiere, Damien"]
[Result "0-1"]
[WhiteElo "1934"]
[BlackElo "2083"]
[WhiteFideId "26014300"]
[BlackFideId "26041634"]
[EventDate "2020.05.16"]

1. e4 d6 2. d4 Nf6 3. Nc3 g6 4. Bg5 c6 5. Qd2 b5 6. Bd3 Nbd7 7. Nf3 Bg7 8. Bh6
O-O 9. O-O e5 10. dxe5 Nxe5 11. Nxe5 dxe5 12. Be3 Qe7 13. f3 Be6 14. Qf2 Rfd8
15. Bc5 Qc7 16. a4 bxa4 17. Rxa4 Nd7 18. Rxa7 Rxa7 19. Bxa7 Bf8 20. Na4 Ra8 21.
Bb6 Qb7 22. b3 Rxa4 23. bxa4 Qxb6 24. Rb1 Qxb1+ 0-1

[Event "ch-FRA Blitz Online Qual"]
[Site "Europe-Chess INT"]
[Date "2020.05.16"]
[Round "13"]
[White "Joly, Fabrice"]
[Black "Morais, Mario"]
[Result "0-1"]
[WhiteElo "1957"]
[BlackElo "2061"]
[WhiteFideId "612235"]
[BlackFideId "614270"]
[EventDate "2020.05.16"]

1. e4 c5 2. b4 cxb4 3. a3 bxa3 4. Nxa3 Nc6 5. d4 d6 6. Be3 g6 7. Bd3 Bg7 8. c3
Nf6 9. f3 O-O 10. Ne2 a6 11. O-O Bd7 12. Kh1 b5 13. d5 Ne5 14. Nc2 e6 15. dxe6
Bxe6 16. Ncd4 Bc4 17. Bxc4 Nxc4 18. Bg1 Qc7 19. Qc2 d5 20. exd5 Nxd5 21. Rfd1
Nde3 22. Qe4 Nxd1 23. Rxd1 Rfe8 24. Qd5 Rad8 25. Qc6 Qxc6 26. Nxc6 Rxd1 0-1

[Event "ch-FRA Blitz Online Qual"]
[Site "Europe-Chess INT"]
[Date "2020.05.16"]
[Round "13"]
[White "Triton, Maxime"]
[Black "Masset, Jacques"]
[Result "1-0"]
[WhiteElo "1843"]
[BlackElo "2058"]
[WhiteFideId "36062979"]
[BlackFideId "20603703"]
[EventDate "2020.05.16"]

1. e4 e5 2. Nf3 Nc6 3. d4 exd4 4. Nxd4 g6 5. Nc3 Bg7 6. Be3 Nge7 7. Bc4 O-O 8.
Qd2 d6 9. O-O-O a5 10. f3 Ne5 11. Be2 f5 12. h4 fxe4 13. Nxe4 Nd5 14. Bh6 Nb4
15. Kb1 d5 16. Bxg7 Kxg7 17. Ng5 Rf6 18. h5 h6 19. Nh3 Bxh3 20. Rxh3 g5 21. g4
Nbc6 22. Nf5+ Rxf5 23. gxf5 d4 24. f4 Nf7 25. fxg5 Nxg5 26. Rg3 Qf6 27. Qf4 Re8
28. Bb5 Ne5 29. a3 Rd8 30. Bd3 c5 31. Be4 b5 32. Rb3 b4 33. axb4 axb4 34. Rg3 c4
35. Bh1 d3 36. Re3 dxc2+ 37. Kxc2 b3+ 38. Kc1 Ra8 39. Rdd3 Ra1+ 40. Kd2 cxd3 41.
Rxe5 Qxe5 42. Qxe5+ Kf8 43. Be4 Nxe4+ 44. Qxe4 Ra2 45. Kc3 d2 46. Qe2 Ra1 47.
Qxd2 Rf1 48. Qxh6+ Kf7 49. Qg6+ Kf8 50. h6 Rf3+ 51. Kb4 Rf4+ 52. Kc3 Rf3+ 53.
Kd4 Rf4+ 54. Ke5 Rf1 55. h7 Re1+ 56. Kf4 Rf1+ 57. Ke3 Re1+ 58. Kf2 Rh1 59. Qg8+
Ke7 60. h8=Q 1-0

[Event "ch-FRA Blitz Online Qual"]
[Site "Europe-Chess INT"]
[Date "2020.05.16"]
[Round "13"]
[White "Kuhn, Clement"]
[Black "Naillou, Thomas"]
[Result "1-0"]
[WhiteTitle "CM"]
[WhiteElo "2150"]
[BlackElo "2072"]
[WhiteFideId "36099775"]
[BlackFideId "36009741"]
[EventDate "2020.05.16"]

1. e4 d5 2. exd5 Nf6 3. d4 Bg4 4. Nf3 Qxd5 5. Be2 Nc6 6. h3 Bf5 7. c4 Qd6 8. O-O
e6 9. Nc3 O-O-O 10. Nb5 Qd7 11. Bf4 Bd6 12. Nxd6+ cxd6 13. d5 exd5 14. cxd5 Nb4
15. Bc4 Kb8 16. a3 Rc8 17. Qb3 Nc2 18. Rac1 Rc5 19. Nh4 Be4 20. f3 Bxd5 21. Rxc2
Rhc8 22. Rfc1 Nh5 23. Bxd5 Nxf4 24. Rxc5 Rxc5 25. Rxc5 dxc5 26. Be4 b6 27. Nf5
g6 28. Ne3 Qd2 29. Kh2 Qd6 30. Qxf7 Nd5+ 31. Kg1 Ne7 32. Qf8+ Kc7 33. Qf7 Kd7
34. Nd5 Qe6 35. Qxe6+ Kxe6 36. Nxe7 Kxe7 37. Kf2 Kf6 38. Ke3 h6 39. g3 g5 40. f4
gxf4+ 41. gxf4 h5 42. Bf3 h4 43. Bg4 1-0

[Event "ch-FRA Blitz Online Qual"]
[Site "Europe-Chess INT"]
[Date "2020.05.16"]
[Round "13"]
[White "Emmenecker, Pierre-Antoine"]
[Black "Kieffer, Anatole"]
[Result "1-0"]
[WhiteElo "2172"]
[BlackElo "2094"]
[WhiteFideId "36031321"]
[BlackFideId "20650027"]
[EventDate "2020.05.16"]

1. d4 Nf6 2. Nf3 g6 3. e3 Bg7 4. Be2 O-O 5. O-O d6 6. b3 Nbd7 7. Bb2 c5 8. c4
cxd4 9. exd4 e6 10. Nc3 b6 11. Ba3 Ne8 12. Re1 Bb7 13. Rc1 a6 14. Bf1 Kh8 15. d5
e5 16. b4 f5 17. h4 Rc8 18. Na4 Nef6 19. Ng5 Qe7 20. Ne6 Rfe8 21. Nxg7 Qxg7 22.
Bb2 Qh6 23. g3 Ne4 24. Bg2 b5 25. cxb5 axb5 26. Bxe4 bxa4 27. Bg2 Nb6 28. f4 Nc4
29. Ba1 Kg8 30. fxe5 dxe5 31. d6 Nxd6 32. Rxc8 Rxc8 33. Qxd6 Bxg2 34. Qe6+ Kg7
35. Bxe5+ Kf8 36. Qxc8+ 1-0

[Event "ch-FRA Blitz Online Qual"]
[Site "Europe-Chess INT"]
[Date "2020.05.16"]
[Round "13"]
[White "Lauron, Wesley"]
[Black "Rebut, Paul"]
[Result "1-0"]
[WhiteElo "1878"]
[BlackElo "1966"]
[WhiteFideId "36012769"]
[BlackFideId "45111057"]
[EventDate "2020.05.16"]

1. e4 e5 2. Nf3 Nc6 3. Bb5 Nf6 4. d3 d6 5. c3 Be7 6. O-O a6 7. Ba4 b5 8. Bc2 O-O
9. Nbd2 Bb7 10. Re1 Re8 11. Nf1 Bf8 12. Ng3 g6 13. h3 Bg7 14. Nh2 Nb8 15. Ng4
Nbd7 16. f4 Nxg4 17. hxg4 exf4 18. Be3 Qh4 19. Bxf4 g5 20. Nf5 Qxe1+ 21. Qxe1
gxf4 22. Qh4 Ne5 23. Qg5 Ng6 24. Kf2 Re6 25. Rh1 d5 26. Qh5 Nf8 27. exd5 Bxd5
28. d4 Rae8 29. Nxg7 Re2+ 30. Kg1 Rxg2+ 31. Kf1 Rxc2 32. Nxe8 Bxh1 33. Nf6+ Kg7
34. Qg5+ Ng6 35. Nh5+ Kg8 36. Qf6 Rc1+ 37. Kf2 Rc2+ 38. Ke1 1-0

[Event "ch-FRA Blitz Online Qual"]
[Site "Europe-Chess INT"]
[Date "2020.05.16"]
[Round "13"]
[White "Emmenecker, Philippe"]
[Black "Nguyen, Thao Nhi"]
[Result "1-0"]
[WhiteElo "2100"]
[BlackElo "1951"]
[WhiteFideId "616273"]
[BlackFideId "36000310"]
[EventDate "2020.05.16"]

1. d4 Nf6 2. c4 e5 3. dxe5 Ng4 4. Nf3 Bc5 5. e3 Nc6 6. Nc3 O-O 7. Be2 Ngxe5 8.
Nxe5 Nxe5 9. O-O a5 10. f4 Nc6 11. Bd3 Nb4 12. Bb1 Ra6 13. a3 Rd6 14. Qe2 Nc6
15. Ne4 Bxe3+ 16. Bxe3 Rh6 17. f5 Rh4 18. f6 d5 19. fxg7 Re8 20. Nf6+ Kxg7 21.
Nxe8+ Qxe8 22. Bd4+ Kf8 23. Bc5+ Ne7 24. cxd5 b6 25. Bxe7+ Qxe7 26. Qxe7+ 1-0

[Event "ch-FRA Blitz Online Qual"]
[Site "Europe-Chess INT"]
[Date "2020.05.16"]
[Round "13"]
[White "Poulet, Benoit"]
[Black "Spagnoli, Benjamin"]
[Result "1-0"]
[WhiteElo "2094"]
[BlackElo "1770"]
[WhiteFideId "26085844"]
[BlackFideId "20667116"]
[EventDate "2020.05.16"]

1. d4 Nf6 2. Nc3 g6 3. e4 d6 4. Bf4 Bg7 5. Qd2 c5 6. d5 O-O 7. O-O-O b5 8. Bxb5
Ba6 9. Bxa6 Nxa6 10. Nf3 Nb4 11. a3 Qa5 12. e5 dxe5 13. Bxe5 Nfxd5 14. Nxd5 Bxe5
15. Nxe5 e6 16. Nf6+ Kg7 17. Neg4 Nd3+ 18. Qxd3 h5 19. Ne5 Rad8 20. Nfd7 f6 21.
Qg3 fxe5 22. Qxe5+ Kh6 23. Nxf8 Rxf8 24. Rd7 1-0

[Event "ch-FRA Blitz Online Qual"]
[Site "Europe-Chess INT"]
[Date "2020.05.16"]
[Round "13"]
[White "Huynh, Nicolas"]
[Black "Alvin, Leo"]
[Result "0-1"]
[WhiteElo "1836"]
[BlackElo "2025"]
[WhiteFideId "36081302"]
[BlackFideId "695645"]
[EventDate "2020.05.16"]

1. e4 c5 2. Nf3 g6 3. d4 cxd4 4. Nxd4 Nc6 5. Be3 Bg7 6. c3 Nf6 7. Bd3 O-O 8. O-O
d5 9. exd5 Nxd5 10. Bg5 Nxd4 11. cxd4 h6 12. Be3 Nxe3 13. fxe3 e5 14. dxe5 Bxe5
15. Nc3 Qh4 16. Qf3 Bxh2+ 17. Kh1 Bg3+ 18. Kg1 Qh2# 0-1

[Event "ch-FRA Blitz Online Qual"]
[Site "Europe-Chess INT"]
[Date "2020.05.16"]
[Round "13"]
[White "Zeller, Thomas"]
[Black "Calvo, Dylan"]
[Result "0-1"]
[WhiteElo "1792"]
[BlackElo "2018"]
[WhiteFideId "26057069"]
[BlackFideId "36019410"]
[EventDate "2020.05.16"]

1. e4 c5 2. Nf3 Nc6 3. d4 cxd4 4. Nxd4 g6 5. c3 Bg7 6. Be3 Nf6 7. f3 O-O 8. Be2
d5 9. exd5 Nxd5 10. Bf2 e5 11. Nxc6 bxc6 12. O-O Rb8 13. b3 Qe7 14. c4 Nf4 15.
Nc3 e4 16. Rc1 e3 17. Bg3 Be5 18. Qc2 h5 19. Nd1 Bf5 0-1

[Event "ch-FRA Blitz Online Qual"]
[Site "Europe-Chess INT"]
[Date "2020.05.16"]
[Round "13"]
[White "Jouneau, Quentin"]
[Black "Salami, Reza"]
[Result "0-1"]
[WhiteElo "2018"]
[BlackElo "1882"]
[WhiteFideId "649716"]
[BlackFideId "618659"]
[EventDate "2020.05.16"]

1. e4 e5 2. Nf3 Nc6 3. d4 exd4 4. c3 d3 5. Bxd3 Bc5 6. O-O d6 7. b4 Bb6 8. a4 a6
9. Bb2 Nf6 10. Nbd2 O-O 11. Nc4 Ba7 12. b5 axb5 13. axb5 Ne7 14. h3 Be6 15. Ng5
Ng6 16. Kh1 Qd7 17. Nxe6 fxe6 18. Nd2 e5 19. Bc4+ Kh8 20. Nf3 Nf4 21. Ng5 h6 22.
Nf7+ Rxf7 23. Bxf7 Qxf7 24. Qa4 Qg6 25. Rg1 Nxe4 26. Raf1 Nc5 27. Qa2 Ncd3 28.
Bc1 Qh5 29. Bxf4 Nxf4 30. Kh2 Qe8 31. Ra1 Kh7 32. g3 Nd3 33. Qc2 e4 34. Rgf1 Bb6
35. Rxa8 Qxa8 36. f3 Qe8 37. fxe4 Qxe4 38. Rd1 Nc5 39. Qxe4+ Nxe4 40. Re1 Nxc3
41. Re7 Nxb5 0-1

[Event "ch-FRA Blitz Online Qual"]
[Site "Europe-Chess INT"]
[Date "2020.05.16"]
[Round "13"]
[White "Alif, Yassine"]
[Black "Maugenest, Ghislain"]
[Result "0-1"]
[WhiteElo "1874"]
[BlackElo "2013"]
[WhiteFideId "45107203"]
[BlackFideId "36029483"]
[EventDate "2020.05.16"]

1. d4 d5 2. c4 c6 3. Nc3 Nf6 4. Nf3 dxc4 5. e3 b5 6. a4 b4 7. Na2 e6 8. Bxc4 Be7
9. O-O O-O 10. Bd2 a5 11. Nc1 Bb7 12. Nd3 Nbd7 13. Rc1 Rc8 14. Nfe5 Nxe5 15.
dxe5 Nd5 16. b3 c5 17. Qe2 Qc7 18. f4 Nb6 19. Nb2 Be4 20. Ba6 Rcd8 21. Rfd1 Qc6
22. Be1 Rd5 23. Bb5 Qb7 24. Nc4 Nxc4 25. Bxc4 Rdd8 26. Bg3 Qc7 27. Rd2 Rxd2 28.
Qxd2 Rd8 29. Qe2 Qd7 30. Bf2 Qd2 31. Re1 Qxe2 32. Rxe2 Rd1+ 33. Re1 Rd2 34. Re2
Rxe2 35. Bxe2 Bc2 36. Bc4 Kf8 37. Kf1 Ke8 38. Ke2 Kd7 39. Kd2 Be4 40. g3 f6 41.
exf6 Bxf6 42. Ke2 e5 43. Kd2 g5 44. Ke2 gxf4 45. exf4 exf4 46. Bxc5 fxg3 47.
hxg3 Kc6 48. Be3 Be5 49. Bf4 Bd4 50. Be3 Bc5 51. Bxc5 Kxc5 52. Ke3 Bd5 53. Bxd5
Kxd5 54. Kd3 h5 55. Ke3 Ke5 56. Kd3 Kf5 57. Kc4 Kg4 58. Kb5 Kxg3 59. Kxa5 h4 60.
Kxb4 h3 61. a5 h2 62. Kb5 h1=Q 63. b4 Qb7+ 64. Ka4 Kf4 65. b5 Ke5 66. Kb4 Kd5
67. a6 Qb6 68. Ka4 Kc4 69. Ka3 Qxb5 70. Ka2 Kc3 71. Ka1 Qb2# 0-1

[Event "ch-FRA Blitz Online Qual"]
[Site "Europe-Chess INT"]
[Date "2020.05.16"]
[Round "13"]
[White "Rasolo, Loick"]
[Black "Berger Dit Lacroix, Kilian"]
[Result "1-0"]
[WhiteElo "1951"]
[BlackElo "2129"]
[WhiteFideId "36004049"]
[BlackFideId "36091855"]
[EventDate "2020.05.16"]

1. e4 c5 2. Nf3 g6 3. d4 cxd4 4. Qxd4 Nf6 5. Nc3 Nc6 6. Qd1 d6 7. Bb5 Bd7 8. O-O
Bg7 9. h3 O-O 10. Re1 a6 11. Bc4 b5 12. Bb3 Rc8 13. Nd5 Nxd5 14. exd5 Na5 15. c3
Nc4 16. Bxc4 bxc4 17. Bg5 Re8 18. Qd2 Rb8 19. Re2 Rb7 20. Rae1 Bf5 21. Nd4 Bxd4
22. Qxd4 Bd3 23. Bh6 f6 24. Rd2 Qb6 25. Qg4 f5 26. Qf4 Qc5 27. Qf3 Be4 28. Qe3
Qa5 29. a3 Qb6 30. f3 Bd3 31. Kh2 Qxe3 32. Rxe3 Kf7 33. Bg5 Reb8 34. Rd1 h6 35.
Bxh6 Rxb2 36. Bg5 R2b7 37. Rde1 Re8 38. g4 fxg4 39. fxg4 a5 40. Kg3 a4 41. Re6
Rc7 42. Rf1+ Kg7 43. Rfe1 Kf7 44. R1e3 Rb7 45. Rf3+ Kg7 46. Rfe3 Rb3 47. Rxe7+
Rxe7 48. Rxe7+ Kg8 49. Bf6 Rxc3 50. Bxc3 1-0

[Event "ch-FRA Blitz Online Qual"]
[Site "Europe-Chess INT"]
[Date "2020.05.16"]
[Round "13"]
[White "Gautier, Nathan"]
[Black "Cassam-Chenai, Antoine"]
[Result "0-1"]
[WhiteElo "2064"]
[BlackElo "1839"]
[WhiteFideId "26093030"]
[BlackFideId "36087866"]
[EventDate "2020.05.16"]

1. e4 c5 2. Nf3 e6 3. d4 cxd4 4. Nxd4 Nf6 5. Nc3 Nc6 6. a3 d5 7. Nxc6 bxc6 8.
Bd3 Be7 9. O-O O-O 10. f4 c5 11. e5 Nd7 12. Qh5 g6 13. Qh6 Qb6 14. Rf3 Re8 15.
Rh3 Nf8 16. f5 exf5 17. Nxd5 Qc6 18. c4 Be6 19. Nxe7+ Rxe7 20. Bg5 f6 21. Bxf6
Rf7 22. g4 Bc8 23. gxf5 Bb7 24. Bf1 Rd7 25. fxg6 Nxg6 26. Rg3 Qh1+ 27. Kf2 Qe4
28. Bg2 Qd4+ 29. Kf1 Bxg2+ 30. Kxg2 Qxb2+ 31. Kh3 Qxa1 32. Rxg6+ hxg6 33. Qh8+
Kf7 34. Qxa8 Qc3+ 35. Kg4 Rd4+ 36. Kg5 Qe3# 0-1

[Event "ch-FRA Blitz Online Qual"]
[Site "Europe-Chess INT"]
[Date "2020.05.16"]
[Round "13"]
[White "Bellaiche, Elise"]
[Black "Acudad, Marsuk"]
[Result "0-1"]
[WhiteTitle "WFM"]
[WhiteElo "2036"]
[BlackElo "1665"]
[WhiteFideId "696366"]
[BlackFideId "689157"]
[EventDate "2020.05.16"]

1. e4 e6 2. d4 d5 3. Nc3 Nf6 4. e5 Nfd7 5. f4 c5 6. Nf3 Nc6 7. Be3 Qb6 8. Bc1
cxd4 9. Ne2 Bc5 10. a3 d3 11. Qxd3 Bf2+ 12. Kd1 Nc5 13. Qc3 Ne4 14. Qb3 Bd7 15.
Nd2 Qxb3 16. cxb3 f5 17. Nc3 O-O 18. Be2 Rac8 19. Rf1 Bb6 20. Ndxe4 fxe4 21. Nb5
Na5 22. Nd6 Nxb3 23. Nxc8 Rxc8 24. Rb1 d4 25. f5 d3 26. Bg4 exf5 27. Bxf5 Bxf5
28. Rxf5 e3 29. Bxe3 Bxe3 30. e6 d2 31. Rb5 Rc1+ 32. Ke2 d1=Q+ 0-1

[Event "ch-FRA Blitz Online Qual"]
[Site "Europe-Chess INT"]
[Date "2020.05.16"]
[Round "13"]
[White "Chung, Mathilde"]
[Black "Baroyan, Davit"]
[Result "0-1"]
[WhiteTitle "WFM"]
[WhiteElo "2083"]
[BlackElo "2218"]
[WhiteFideId "676446"]
[BlackFideId "26033607"]
[EventDate "2020.05.16"]

1. d4 d5 2. c4 e6 3. Nf3 c6 4. e3 f5 5. Nc3 Nf6 6. Bd3 Bd6 7. O-O Nbd7 8. cxd5
cxd5 9. b3 O-O 10. Bb2 Ne4 11. Nb5 Be7 12. Rc1 Ndf6 13. Ne5 a6 14. Nc3 Bd6 15.
Ne2 Bd7 16. f3 Ng5 17. Nf4 Qe7 18. Qe2 Bb5 19. Bxb5 axb5 20. a3 Bxa3 21. Bxa3
Rxa3 22. Qxb5 Ra2 23. Rf2 Rxf2 24. Kxf2 Nf7 25. Ned3 Nd6 26. Qb6 Nd7 27. Rc7
Qh4+ 28. g3 Qxh2+ 29. Ng2 Nxb6 0-1

[Event "ch-FRA Blitz Online Qual"]
[Site "Europe-Chess INT"]
[Date "2020.05.16"]
[Round "13"]
[White "Capton, Rafael"]
[Black "Henry, Tony"]
[Result "1-0"]
[WhiteElo "1737"]
[BlackElo "1979"]
[WhiteFideId "36084778"]
[BlackFideId "622427"]
[EventDate "2020.05.16"]

1. e4 c5 2. Nf3 Nc6 3. d4 cxd4 4. Nxd4 g6 5. Nc3 Bg7 6. Nxc6 bxc6 7. Bc4 Nh6 8.
O-O O-O 9. h3 d6 10. Be3 Kh8 11. Bd4 Ng8 12. Bxg7+ Kxg7 13. f4 Rb8 14. Bb3 Ba6
15. Qd4+ Nf6 16. Rfe1 c5 17. Qe3 Qc7 18. e5 Nd7 19. Nd5 Qd8 20. e6 Nf6 21. Nxf6
exf6 22. e7 Qc7 23. exf8=Q+ Rxf8 24. Qe7 Qc6 25. c4 Bb7 26. Re2 a5 27. Rd1 a4
28. Bc2 Rb8 29. Rxd6 Qc8 30. Qxf6+ Kg8 31. Re7 Qf8 32. Rdd7 Re8 33. Rxf7 Re1+
34. Kh2 Rh1+ 35. Kxh1 Bxg2+ 36. Kxg2 Qa8+ 37. Kh2 1-0

[Event "ch-FRA Blitz Online Qual"]
[Site "Europe-Chess INT"]
[Date "2020.05.16"]
[Round "13"]
[White "Zienkiewicz, Alexandre"]
[Black "Duprey, Francois-xavier"]
[Result "1-0"]
[WhiteElo "2049"]
[BlackElo "1613"]
[WhiteFideId "20610327"]
[BlackFideId "20612516"]
[EventDate "2020.05.16"]

1. e4 c5 2. Nf3 d6 3. d4 cxd4 4. Nxd4 Nf6 5. Nc3 g6 6. Bg5 Bg7 7. Bb5+ Bd7 8.
Qe2 a6 9. Bxd7+ Nbxd7 10. O-O-O O-O 11. f4 b5 12. e5 dxe5 13. fxe5 Ne8 14. Nc6
Qc7 15. Nd5 Qb7 16. Ndxe7+ Kh8 17. h4 f5 18. h5 Nxe5 19. Nxe5 Qxe7 20. Bxe7 1-0